| 000 | 01353nam a22003017a 4500 | ||
|---|---|---|---|
| 001 | 1655 | ||
| 003 | FISKH | ||
| 005 | 20230915113605.0 | ||
| 008 | 230913b cb ||||| |||| 00| 0 khr d | ||
| 020 | _a9789924340430 | ||
| 040 |
_aFISKH _beng _cFISKH _dFISKH |
||
| 082 | _a398.25 | ||
| 100 | _aKhai, Chut | ||
| 245 |
_aខ្មោច ព្រាយអសុរកាយ / _cជុត ខៃ រូបផាពដោយ សេង វិសុទ្ធ |
||
| 260 |
_aPhnom Penh : _bSipar, _c2022. |
||
| 300 |
_a119 pages : _billustrations ; _c20 cm |
||
| 505 | _aZ' | ||
| 520 | _aពិពណ៌នាអំពីលក្ខណៈពិសេសរឿងរន្ធត់ ជាមួយនឹងការលេងសើច ជំនឿរបស់មនុស្សលើវិញ្ញាណ ខ្មោច សារីរិកធាតុ និងការព្យាបាលបែបប្រពៃណី។ | ||
| 520 | _aThe book describes people’s belief in spirits, ghosts, relics, and traditional healing. | ||
| 521 | 8 |
_a920
_bLexile estimate |
|
| 521 | 8 |
_aZ'
_bRaz-Plus |
|
| 650 |
_aខ្មោច _vជំនឿ _xព្រលឹង |
||
| 650 |
_aGhost _vParanormal _xSpirits |
||
| 650 | _aSupernatural | ||
| 650 | _aSuperstition | ||
| 700 |
_aVisoth, Seng _eillustrator |
||
| 942 |
_2ddc _cKHB _n0 |
||
| 999 |
_c1655 _d1655 |
||